| 000 | 00715cam a22001811 4500 | ||
|---|---|---|---|
| 082 |
_a307.762 _bBRA _cL-28,P-23 |
||
| 100 | 1 |
_aBrayne, F. L. _937667 |
|
| 245 | 1 | 0 |
_aBetter villages, _cby F. L Brayne... With a foreword by by Major Sirdar the Honable Sir Sikander Hyat-Khan... |
| 260 |
_a[London, _aNew York, _aBombay, etc.] _bH. Milford, Oxford University press, _c1937. |
||
| 300 |
_axiv p., 1 1., 304 p. _bincl. front., illus. _c18 1/2 cm. |
||
| 500 | _a"First published 1937." | ||
| 500 | _a"Some handy books for rural workers" : p. [288]-290. | ||
| 500 | _aPrinted in India. | ||
| 526 |
_a0 _b0 _c0 _d307_762000000000000_BRA |
||
| 650 | 0 |
_aMCE _9379 |
|
| 650 | 0 |
_aVillages _zIndia _zPunjab. _937668 |
|
| 942 |
_2ddc _cBK |
||
| 999 |
_c542485 _d542485 |
||